000 nam a22 7a 4500
999 _c18651
_d18651
008 170113b xxu||||| |||| 00| 0 eng d
020 _a9781853812354
050 _aND 623
_b.M67C47 1990.
100 _aChaplaain Patrice
245 _aInto the darkness laughing :
_bThe story of modigliani's Last Mistress,Jeanne Hebuterne/
_cPatrice Chaplin .
260 _aLondon :
_bVirago ,
_c1990 .
300 _a151p :
_bill . ;
_c24cm .
650 _aModigliani, Amedeo,
_x1884-1920
_yRelations with women.
650 _aMistresses
_xFrance
_yBiography.
942 _2lcc
_cBOOKS
_hND 623 .M67C47 1990.